Ceny za distribúciu aj po privatizácii bude určovať štát
O privatizácii v energetike a o regulácii cien za jej distribúciu na Slovensku. Príklady z uvedenej problematiky v niektorých krajinách - Maďarsko, ČR, Poľsko a Veľká Británia.
Na minha lista:
| Autor principal: | |
|---|---|
| Formato: | Capítulo de Livro |
| Idioma: | eslovaco |
| Assuntos: | |
| Tags: |
Sem tags, seja o primeiro a adicionar uma tag!
|
MARC
| LEADER | 00000naa a2200000 4500 | ||
|---|---|---|---|
| 001 | r045184 | ||
| 005 | 20230925125627.8 | ||
| 041 | 0 | |a slo | |
| 044 | |a SK | ||
| 245 | 1 | 0 | |a Ceny za distribúciu aj po privatizácii bude určovať štát |c Ondrej Studenec |
| 520 | |a O privatizácii v energetike a o regulácii cien za jej distribúciu na Slovensku. Príklady z uvedenej problematiky v niektorých krajinách - Maďarsko, ČR, Poľsko a Veľká Británia. | ||
| 610 | 2 | 0 | |a energetika |
| 610 | 2 | 0 | |a privatizácia |
| 610 | 2 | 0 | |a liberalizácia |
| 610 | 2 | 0 | |a regulácia cenová |
| 610 | 2 | 0 | |a výroba energie |
| 100 | 1 | |a Studenec, Ondrej | |